| 000 | 00635cam a2200217 4500500 | ||
|---|---|---|---|
| 005 | 20260405001645.0 | ||
| 041 | _afre | ||
| 042 | _adc | ||
| 100 | 1 | 0 |
_aEltchaninoff, Michel _eauthor |
| 245 | 0 | 0 | _aLa liberté de transgresser |
| 260 | _c2013. | ||
| 500 | _a67 | ||
| 690 | _aCamus | ||
| 690 | _aCrime | ||
| 690 | _aCulpabilité | ||
| 690 | _aFrères Karamazov | ||
| 690 | _aMétaphysique | ||
| 690 | _aMichel Eltchaninoff | ||
| 786 | 0 | _nPhilosophie magazine | 75 | 12 | 2013-12-01 | p. 46-47 | 1951-1787 | |
| 856 | 4 | 1 | _uhttps://shs.cairn.info/magazine-philosophie-magazine-2013-12-page-46?lang=fr&redirect-ssocas=7080 |
| 999 |
_c2049758 _d2049758 |
||